000
00256nam a2200097Ia 4500
005
20251222114406.0
008
251222s1900||||xx |||||||||||||| ||spa||
082
_a
DVD0070/G81
245
0
_a
Nascimento de uma Nacao:The Birth of a Nation - USA 1924
942
_c
DVD
999
_c
1837
_d
1837